Mr.Childrenのオリジナルアルバム - Statistics

General Stats
  • This quiz has been taken 90 times
  • The average score is 16 of 21
Answer Stats
No. リリース日 タイトル % Correct
4th 1994/09/01 Atomic Heart
89%
5th 1996/06/24 深海
87%
6th 1997/03/05 BOLERO
85%
13th 2007/03/14 HOME
80%
9th 2000/09/27 Q
80%
15th 2008/12/10 SUPERMARKET FANTASY
80%
11th 2004/04/07 シフクノオト
77%
16th 2010/12/01 SENSE
77%
12th 2005/09/21 I ♥ U
75%
2nd 1992/12/01 Kind of Love
75%
10th 2002/05/10 IT'S A WONDERFUL WORLD
74%
3rd 1993/09/01 Versus
74%
19th 2018/10/03 重力と呼吸
72%
7th 1999/02/03 DISCOVERY
72%
1st 1992/05/10 EVERYTHING
72%
18th 2015/06/04 REFLECTION
72%
17th 2012/11/28 [(an imitation) blood orange]
70%
21th 2023/10/04 miss you
67%
20th 2020/12/02 SOUNDTRACKS
64%
14th 2007/05/10 B-SIDE
62%
8th 1999/09/08 1/42
56%
No matching quizzes found
Score Distribution
Percent of People with Each Score
Percentile by Number Answered
Your Score History
You have not taken this quiz